Originální výrobky z přírodnin a odpadu /

Main Author: Dvořáková, Lucie, 1977-
Language: Czech
Published: V Brně : CPress, 2020
Edition: 1. vydání
Subjects:
Physical Description: 117 stran : barevné ilustrace ; 28 cm
Book
Saved in:
LEADER 01918cam a2200553 i 4500
001 nkc20203242367
003 CZ PrNK
005 20201030081344.0
007 ta
008 200821s2020 xr a g f 000 0 cze d
015 |a cnb003242367 
020 |a 978-80-264-3208-1  |q (vázáno) :  |c Kč 299,00 
035 |a (OCoLC)1204253943 
040 |a ULG001  |b cze  |d OLA001  |e rda 
072 7 |a 74  |x Kresba. Umělecká řemesla  |2 Konspekt  |9 21 
080 |a 745.5-032/-035  |2 MRF 
080 |a 745  |2 MRF 
080 |a 620.284  |2 MRF 
080 |a 688.78/.79  |2 MRF 
080 |a (035)  |2 MRF 
080 |a (084.11)  |2 MRF 
100 1 |a Dvořáková, Lucie,  |d 1977-  |7 xx0116082  |4 aut  |4 pht 
245 1 0 |a Originální výrobky z přírodnin a odpadu /  |c Lucie Dvořáková-Liberdová 
250 |a 1. vydání 
264 1 |a V Brně :  |b CPress,  |c 2020 
300 |a 117 stran :  |b barevné ilustrace ;  |c 28 cm 
336 |a text  |b txt  |2 rdacontent 
336 |a statický obraz  |b sti  |2 rdacontent 
337 |a bez média  |b n  |2 rdamedia 
338 |a svazek  |b nc  |2 rdacarrier 
650 0 7 |a výtvarné práce z přírodních materiálů  |7 ph136859  |2 czenas 
650 0 7 |a výtvarné práce  |7 ph127466  |2 czenas 
650 0 7 |a recyklované materiály  |7 ph137302  |2 czenas 
650 0 7 |a dekorační předměty  |7 ph114300  |2 czenas 
650 0 9 |a nature craft  |2 eczenas 
650 0 9 |a handicraft  |2 eczenas 
650 0 9 |a recycled materials  |2 eczenas 
650 0 9 |a decorative objects  |2 eczenas 
655 7 |a příručky  |7 fd133209  |2 czenas 
655 7 |a obrazové publikace  |7 fd132947  |2 czenas 
655 9 |a handbooks and manuals  |2 eczenas 
655 9 |a pictorial works  |2 eczenas 
910 2 |a BOA001  |b 3-1453.661 
920 |a 016020003722863  |z ULG001 
928 9 |a Albatros Media - CPress 
990 |a BK 
995 |a 01 
991 |b 202010  |c NOV 
996 6 |b 2610840843  |c 3-1453.661  |l MZK  |r Sklad / do 1 hodiny  |n 0  |p p.v.  |w 001830432  |u 000010  |a 1  |e BOA001  |j MZK50  |s P